Antropología y salud en Costa Rica: trabajos finales de graduación de grado y posgrado = Anthropology and health in Costa Rica: degree and postgrade final projects /
Bewaard in:
| Hoofdauteur: | |
|---|---|
| Formaat: | Texto |
| Tags: |
Voeg label toe
Geen labels, Wees de eerste die dit record labelt!
|
MARC
| LEADER | 00000 a a2200000 04500 | ||
|---|---|---|---|
| 001 | 48586 | ||
| 003 | |||
| 040 | |||
| 100 | |a Quesada Cordero, Carolina | ||
| 245 | |a Antropología y salud en Costa Rica: trabajos finales de graduación de grado y posgrado = |b Anthropology and health in Costa Rica: degree and postgrade final projects / |c Carolina Quesada Cordero | ||
| 773 | |g número146, (2014), páginas 167-185 | ||
| 999 | |c 22937 |d 22937 | ||
| 773 | 0 | |0 18728 |9 1630 |a Universidad de Costa Rica |d San José, Costa Rica Editorial UCR 1956- |o 18147 |t Revista de Ciencias Sociales/ |x 04825276 | |
